00388nam a2200157Ia 45000010006000000050017000060080041000230410008000640820025000721000025000972450070001222600009001923000013002016500008002146540008002222508220260414151126.0260414t2004||||xx |||||||||||||| ||spa|| aESP a346.2bD59 2004 T. 3 aColin, AmbroiseeAUT 0aDerecho civil :btestamentos y clases especiales de liberalidades c2004 ac28 cm. aDER aCDE